000 00523nam a2200193Ia 4500
003 LDD
008 181029s9999 xx 000 0 und d
020 _a8183240771
_c895.00
040 _cLDD
100 _aSharma, Usha
245 0 _aFemale labour in India
_cUsha Sharma
260 _aNew Delhi
_bMittal
_c2006
300 _ax, 434p.
365 _b895.00
901 _a3782
_b02-02-2007
902 _a7316
_b17-02-2007
_cF
_dUPPAL
_e311
903 _aDiscount-10
_bReqst by : Gurupada Saren
942 _2ddc
_cBK
999 _c77948
_d77948